01080nam a2200217 a 450000100100000000500170001000800410002704000250006808200200009310000280011324500580014126000620019930000210026165000290028265000320031104900090034395201300035295201860048295201770066899900170084500001194220240411074002.0091102s1938 dr 000 j spa d aDO-SdBNPbspacBNPHU aRD863.44bD186m1 aDanilo, Diódoro9249410aManantial :bcuentos y páginas /cDiódoro Danilo. aCiudad Trujillo, República Dominicana :b[s.n.],c1938. a136 p. ;c22 cm. 0aCuentos dominicanos9176 4aLiteratura domincana925681 aBNPD 001154708RVaGRbGRcMId2011-08-18iLF1l0oRD863.44 D186mp11942-30r2020-06-25te. 3w2020-06-25y4ZPréstamo en sala 0010718PDaPDbPDcCTd2011-08-18iLF1l0oRD863.44 D186mp11942-20r2020-06-25te. 2w2020-06-25yLFPDzPerteneció a la biblioteca personal de Julio Ortega Frier.ZNo se presta 001050718RVaPDbPDcHDd2009-11-02iLF1l0oRD863.44 D186mp11942-10r2020-06-25w2020-06-25y1zPerteneció a la biblioteca personal de Martínez Boog.ZNo se presta c11612d11612